<?xml version="1.0" encoding="UTF-8"?>
<marc:record xmlns:marc="http://www.loc.gov/MARC21/slim">
   <marc:leader>00000nam a2200000 a 4500</marc:leader>
   <marc:datafield ind1="1" ind2=" " tag="100">
      <marc:subfield code="a">Carofiglio, Gianrico</marc:subfield>
      <marc:subfield code="4">aut</marc:subfield>
      <marc:subfield code="e">Verfasser/-in</marc:subfield>
   </marc:datafield>
   <marc:datafield ind1="0" ind2="0" tag="245">
      <marc:subfield code="a">Der Horizont der Nacht</marc:subfield>
   </marc:datafield>
   <marc:datafield ind1=" " ind2="1" tag="264">
      <marc:subfield code="b">Folio Verlag</marc:subfield>
      <marc:subfield code="c">2026</marc:subfield>
   </marc:datafield>
   <marc:datafield ind1="1" ind2=" " tag="520">
      <marc:subfield code="a">Ein Mord, ein Geständnis und ein Anwalt, der zweifelt.
Elvira Castell hat den Lebensgefährten ihrer Zwillingsschwester erschossen. Die Indizien sind schwerwiegend, sie selbst gibt die Tat zu. War es kaltblütiger Mord oder Notwehr? Avvocato Guerrieri weiß: Die Strategie der Verteidigung ist entscheidend, Vorsatz bedeutet lebenslänglich. Während der Prozess seinem Höhepunkt entgegenstrebt, verliert Guerrieri den Glauben an die Gerechtigkeit.
</marc:subfield>
   </marc:datafield>
   <marc:datafield ind1=" " ind2=" " tag="020">
      <marc:subfield code="a">9783852569260</marc:subfield>
      <marc:subfield code="9">9783852569260</marc:subfield>
   </marc:datafield>
</marc:record>
